A comparative study of public and private management /
Saved in:
| Main Author: | |
|---|---|
| Format: | Thesis Book |
| Language: | English |
| Published: |
1989.
|
| Subjects: | |
| Tags: |
Add Tag
No Tags, Be the first to tag this record!
|
| LEADER | 01416cam a2200349 a 4500 | ||
|---|---|---|---|
| 001 | u105492 | ||
| 003 | SIRSI | ||
| 008 | 910729s1989 my at 00 1 eng m | ||
| 035 | |a AAL-4950 | ||
| 040 | |a UMM | ||
| 043 | |a a-my--- | ||
| 090 | |a HD70 |b M4Isbi | ||
| 091 | |a Microfilm 2616 | ||
| 100 | 0 | 0 | |a Isbah Idrus. |
| 245 | 1 | 2 | |a A comparative study of public and private management / |c by Isbah bin Idrus. |
| 260 | 1 | |c 1989. | |
| 300 | |a xvi, 227 leaves ; |c 30 cm. | ||
| 500 | |a Also available on microfilm. Kuala Lumpur : Perpustakaan Universiti Malaya, 1990. 1 reel : negative ; 35 mm. | ||
| 500 | |a Refer Microfilm 2613 | ||
| 502 | |a Dissertation (M.P.A.) -- Fakulti Ekonomi dan Pentadbiran, Universiti Malaya, 1989. | ||
| 504 | |a Bibliography : leaves 199-203. | ||
| 650 | 0 | |a Management |z Malaysia. | |
| 650 | 0 | |a Industrial management |z Malaysia. | |
| 650 | 0 | |a Public administration |z Malaysia. | |
| 650 | 0 | |a Executives |z Malaysia |x Rating of. | |
| 650 | 0 | |a Government business enterprises |z Malaysia. | |
| 650 | 0 | |a Private companies |z Malaysia |x Management. | |
| 710 | 2 | 0 | |a Universiti Malaya. |b Fakulti Ekonomi dan Pentadbiran. |
| 948 | |a 20/08/1991 |b 12/03/2004 | ||
| 596 | |a 1 | ||
| 999 | |a HD70 M4ISBI |w LC |c 1 |i A010754731 |d 13/2/2011 |e 13/2/2011 |l STACKS |m P01UTAMA |n 10 |r Y |s Y |t TESIS |u 16/10/1991 | ||
| 999 | |a HD70 M4ISBI |w LC |c 2 |i A011237075 |d 2/2/2010 |e 2/2/2010 |l B_KOM4 |m P01UTAMA |n 3 |r Y |s Y |t TESIS |u 4/6/1993 |o .PUBLIC. BKOM4:30618 | ||
